MyGZULibrary

Modern insurance law / (Record no. 8876)

MARC details
000 -LEADER
fixed length control field 00789nam a2200265 a 4500
001 - CONTROL NUMBER
control field 3271528
003 - CONTROL NUMBER IDENTIFIER
control field GZU
005 - DATE AND TIME OF LATEST TRANSACTION
control field 20210526115308.0
008 - FIXED-LENGTH DATA ELEMENTS--GENERAL INFORMATION
fixed length control field 830407s1982 enk b 001 0 eng
010 ## - LIBRARY OF CONGRESS CONTROL NUMBER
LC control number 81208126
020 ## - INTERNATIONAL STANDARD BOOK NUMBER
International Standard Book Number 0421277602 :
Terms of availability £14.75
020 ## - INTERNATIONAL STANDARD BOOK NUMBER
International Standard Book Number 042127770X (pbk.)
040 ## - CATALOGING SOURCE
Original cataloging agency DLC
Transcribing agency DLC
Modifying agency DLC
043 ## - GEOGRAPHIC AREA CODE
Geographic area code e-uk---
050 00 - LIBRARY OF CONGRESS CALL NUMBER
Classification number KD1859
Item number .B57 1982
082 00 - DEWEY DECIMAL CLASSIFICATION NUMBER
Classification number 346.41/086
-- 344.10686
Edition number 19
100 1# - MAIN ENTRY--PERSONAL NAME
Personal name Birds, John.
245 10 - TITLE STATEMENT
Title Modern insurance law /
Statement of responsibility, etc. by John Birds.
260 ## - PUBLICATION, DISTRIBUTION, ETC.
Place of publication, distribution, etc. London :
Name of publisher, distributor, etc. Sweet & Maxwell,
Date of publication, distribution, etc. 1982.
300 ## - PHYSICAL DESCRIPTION
Extent xxxviii, 357 p. ;
Dimensions 23 cm.
504 ## - BIBLIOGRAPHY, ETC. NOTE
Bibliography, etc. note Includes bibliographical references and index.
650 #0 - SUBJECT ADDED ENTRY--TOPICAL TERM
Topical term or geographic name entry element Insurance law
Geographic subdivision Great Britain.
906 ## - LOCAL DATA ELEMENT F, LDF (RLIN)
a 7
b cbc
c orignew
d 3
e ncip
f 19
g y-gencatlg
942 ## - ADDED ENTRY ELEMENTS (KOHA)
Source of classification or shelving scheme Library of Congress Classification
Koha item type Books
Classification part 1859
Item part BIR
Call number prefix KD
Call number suffix 1982
Holdings
Withdrawn status Lost status Damaged status Not for loan Collection code Home library Current library Shelving location Date acquired Total Checkouts Full call number Barcode Date last seen Copy number Price effective from Koha item type
        Non-fiction Law Library Law Library General Stacks 05/26/2021   KD1859 BIR 1982 004785 05/26/2021 c.1 05/26/2021 Books